书目信息 |
| 题名: |
协同
|
|
| 作者: | 埃德蒙森 著 ;韩璐 译 | |
| 分册: | ||
| 出版信息: | 北京 电子工业出版社 2019.06 |
|
| 页数: | XX, 260页 | |
| 开本: | 24cm | |
| 丛书名: | ||
| 单 册: | ||
| 中图分类: | F272.90 | |
| 科图分类: | ||
| 主题词: | 企业组织--qi ye zu zhi--学习型组织--研究 | |
| 电子资源: | ||
| ISBN: | 978-7-121-35468-7 | |
| 000 | 01690nam0 2200289 450 | |
| 001 | 202020138588 | |
| 005 | 20200926181339.0 | |
| 010 | @a978-7-121-35468-7@dCNY58.00 | |
| 100 | @a20200915d2019 em y0chiy50 ea | |
| 101 | 1 | @achi@ceng |
| 102 | @aCN@b110000 | |
| 105 | @ay a 000yy | |
| 106 | @ar | |
| 200 | 1 | @a协同@Axie tong@e在知识经济中组织如何学习、创新与竞争@f(美) 艾米·C.埃德蒙森著@d= Teaming@ehow organizations learn, innovate, and compete in the knowledge economy@fAmy C. Edmondson@g韩璐译@zeng |
| 210 | @a北京@c电子工业出版社@d2019.06 | |
| 215 | @aXX, 260页@d24cm | |
| 314 | @a艾米·C.埃德蒙森, 哈佛商学院领导力和管理学专业教授等职。 | |
| 320 | @a有书目 (第235-254页) | |
| 330 | @a在知识经济中, 团队意味着完成任务及创造组织价值。在这本具有开创性的书中, 哈佛商学院教授艾米·埃德蒙森用她20年在各种组织中的研究成果揭示了, 组织是成功还是失败, 怎样以及为何取决于团队的“合作”能力 —— 学习和适应环境、彼此适应的能力。书中运用了很多世界名企的事例, 阐述了如何完成任务、领导力怎样起作用, 以及安稳的人际环境如何使人们能够将注意力放在创新之上。作者的指导自始至终贯穿本书, 为理解和响应选择性学习的变化提供了支持。作为实务工具书, 本书集合了丰富的思想、方案与策略, 适合所有类型和规模的组织参考。 | |
| 500 | 10 | @aTeaming : how organizations learn, innovate, and compete in the knowledge economy@mChinese |
| 517 | 1 | @a在知识经济中组织如何学习、创新与竞争@Azai zhi shi jing ji zhong zu zhi ru he xue xi 、 chuang xin yu jing zheng |
| 606 | 0 | @a企业组织@Aqi ye zu zhi@x学习型组织@x研究 |
| 690 | @aF272.90@v5 | |
| 701 | 1 | @a埃德蒙森@Aai de meng sen@g(Edmondson, Amy C.)@4著 |
| 702 | 0 | @a韩璐@Ahan lu@4译 |
| 801 | 0 | @aCN@c20190701 |
| 905 | @a河南城建学院图书馆@dF272.90@eA264 | |
| 协同:在知识经济中组织如何学习、创新与竞争/(美) 艾米·C.埃德蒙森著= Teaming:how organizations learn, innovate, and compete in the knowledge economy/Amy C. Edmondson/韩璐译.-北京:电子工业出版社,2019.06 |
| XX, 260页;24cm |
| ISBN 978-7-121-35468-7:CNY58.00 |
| 在知识经济中, 团队意味着完成任务及创造组织价值。在这本具有开创性的书中, 哈佛商学院教授艾米·埃德蒙森用她20年在各种组织中的研究成果揭示了, 组织是成功还是失败, 怎样以及为何取决于团队的“合作”能力 —— 学习和适应环境、彼此适应的能力。书中运用了很多世界名企的事例, 阐述了如何完成任务、领导力怎样起作用, 以及安稳的人际环境如何使人们能够将注意力放在创新之上。作者的指导自始至终贯穿本书, 为理解和响应选择性学习的变化提供了支持。作为实务工具书, 本书集合了丰富的思想、方案与策略, 适合所有类型和规模的组织参考。 |
| ● |
| 相关链接 |
|
|
|
正题名:协同
索取号:F272.90/A264
 
预约/预借
| 序号 | 登录号 | 条形码 | 馆藏地/架位号 | 状态 | 备注 |
| 1 | 1487746 | 214877463 | 社科库409/409社科库 88排4列5层/ [索取号:F272.90/A264] | 在馆 | |
| 2 | 1487747 | 214877472 | 社科库409/409社科库 88排4列5层/ [索取号:F272.90/A264] | 在馆 | |
| 3 | 1487748 | 214877481 | 社科库409/409社科库 88排4列5层/ [索取号:F272.90/A264] | 在馆 |